|
|
|
|
| LEADER |
00000nab a2200000 a 4500 |
| 001 |
vtls000740284 |
| 003 |
SK-MaSNL |
| 005 |
20260304114220.0 |
| 008 |
250429c2000 xo 0 slo |
| 015 |
|
|
|a SNBRB2000/12-29761
|
| 035 |
|
|
|a CLN000092130
|
| 035 |
|
|
|a urn:nbn:sk:snk-ab9sbp
|
| 035 |
|
|
|a (urnnbn)urn:nbn:sk:snk:ar-a08qzs
|
| 035 |
|
|
|a (uuid)35cc1aff-c066-44af-9e7d-117d237e2c29
|
| 040 |
|
|
|a SNKBUCL
|b slo
|c SNKBUCL
|e AACR2
|
| 041 |
0 |
|
|a slo
|
| 044 |
|
|
|a xo
|c SK
|
| 080 |
|
|
|a 371.279.7(430)
|2 1997
|
| 100 |
1 |
|
|a Anderková, Aneta
|4 aut
|9 813317
|
| 245 |
1 |
0 |
|a Skúšanie - posudzovanie - známkovanie v nemeckých školách
|c Aneta Anderková
|
| 650 |
0 |
7 |
|a hodnotenie školské
|z Nemecko
|2 snkbucl
|9 1418685
|
| 655 |
|
7 |
|a články z novín a časopisov
|2 snkbucl
|9 267496
|
| 773 |
0 |
|
|t Pedagogické rozhľady
|g Roč. 9, č. 5 (2000), s. 33-34
|x 1335-0404
|
| 850 |
|
|
|a Slovenská národná knižnica
|
| 852 |
|
|
|a Slovenská národná knižnica
|
| 954 |
|
|
|a odborná, vedecká literatúra pôvodná (slovenská)
|2 lita
|
| 958 |
|
|
|a article13
|
| 958 |
|
|
|a OND
|
| 958 |
|
|
|a SK
|
| 958 |
|
|
|a DE
|
| 958 |
|
|
|a EUIPO
|
| 992 |
|
|
|a RBX
|
| 999 |
|
|
|c 2872166
|d 2874096
|